000
00298nam a2200121Ia 4500
008
231129s9999||||xx |||||||||||||| ||spa||
040
_b
spa
082
_a
853 M238s
100
_a
Malaparte Curzio seud.
245
0
_a
Sodoma y Gomorra
264
_a
Luis de Caralt-Plaza y Janes
942
_2
ddc
_c
BKS
999
_c
24782
_d
24782